00537nam a2200157Ia 4500003000400000008004100004040000800045100001800053245005700071260006800128300001500196901002100211942001200232952011800244999001700362LDD181029s9999 xx 000 0 und d cLDD aSAKLANI, P.S. 0aGeology of the lower HimalayabGarhwalcP.S. SAKLANI aDelhibInternational Books and Periodicals Supply Servicec1993 a246p.+ 24p a1772b08-02-1999 2ddccBK 00102ddc4070948517aLDDbLDDd2018-11-01l0o551.095496 Sa29Gp031840r2018-11-01w2018-11-01yBKzIn Bindery c48518d48518